00844nam a2200229 a 4500001001000000003000500010005001700015008004100032010001100073011001100084040000900095100003700104245012800141260004100269500006000310502008600370650002100456650002000477650001900497650002800516856007000544000109344CHAP20220329144047.0140422s2013 mx | |sm |||||||spa|d a105806 a106778 cCHAP1 aRivera González, María Belem10aEstudio de la cadena de frío en el transporte de productos cárnicosh[En línea]cpor María Belem Rivera González. aChapingo, Méx. :bEl autor,c2013. aPara ver el contenido del material haga clic en la liga aTesis (Ing. Agroindustrial ) -- UACH. Departamento de Ingeniería Agroindustrial14aCarne congelada.14aFrigoríficos.14aRefrigerantes.14aTransporte frigorifico. aFinding aiduhttp://10.13.5.2/tesis/sist109344.pdfzTeclea aquí